书目信息 |
| 题名: |
日本文化概论
|
|
| 作者: | 韩立红 编著 | |
| 分册: | ||
| 出版信息: | 天津 南开大学出版社 2008 |
|
| 页数: | 250页 | |
| 开本: | 21cm | |
| 丛书名: | ||
| 单 册: | ||
| 中图分类: | G313.3 | |
| 科图分类: | ||
| 主题词: | 文化史--日本--研究生--入学考试--自学参考资料 , 文化史 , 科学研究--工作 | |
| 电子资源: | ||
| ISBN: | 978-7-310-02916-7 | |
| 000 | 00858nam0 2200253 450 | |
| 001 | 2257076806 | |
| 005 | 20220629155216.65 | |
| 010 | @a978-7-310-02916-7@dCNY16.00 | |
| 100 | @a20081030d2008 em y0chiy50 ea | |
| 101 | 0 | @achi |
| 102 | @aCN@b120000 | |
| 105 | @aab z 001yy | |
| 200 | 1 | @a日本文化概论@Ari ben wen hua gai lun@e中文版@f韩立红编著 |
| 210 | @a天津@c南开大学出版社@d2008 | |
| 215 | @a250页@c图,地图@d21cm | |
| 300 | @a日语专业文化方向考研辅导 | |
| 330 | @a本书从日本的精神文化入手,提纲挈领地概括了日本文化的特质,而且以点带面论及日本的哲学、宗教、文学艺术、教育风俗、技术、科学等文化领域。 | |
| 606 | 0 | @a文化史@y日本@x研究生@x入学考试@j自学参考资料 |
| 606 | 0 | @a文化史 |
| 606 | 0 | @a科学研究@x工作 |
| 690 | @aG313.3@v4 | |
| 701 | 0 | @a韩立红@Ahan li hong@f(1964~)@4编著 |
| 801 | 0 | @aCN@bNLC@c20101222 |
| 905 | @a10447@dG313.3@eW5 | |
| 日本文化概论:中文版/韩立红编著.-天津:南开大学出版社,2008 |
| 250页:图,地图;21cm |
| 日语专业文化方向考研辅导 |
| ISBN 978-7-310-02916-7:CNY16.00 |
| 本书从日本的精神文化入手,提纲挈领地概括了日本文化的特质,而且以点带面论及日本的哲学、宗教、文学艺术、教育风俗、技术、科学等文化领域。 |
| ● |
| 相关链接 |
|
|
|
|
正题名:日本文化概论
索取号:G313.3/W5
 
预约/预借
| 序号 | 登录号 | 条形码 | 馆藏地/架位号 | 状态 | 备注 |
| 1 | 0711702 | 207117029 | 密集书库—外国语学院/ [索取号:G313.3/W5] | 在馆 |